000 00540nam a2200169Ia 4500
008 090201s9999 xx 000 0 und d
010 _aKPL-29256
040 _bमराठी
041 _aमराठी
082 _a31871
_b29256
100 _aविनायक डंके
245 _aबीज वृक्षा छाया
_cविनायक डंके
260 _c2004
_bसुरस प्रकाशन
300 _a160
_bमोठा
600 _aबीज वृक्षा छाया
942 _cBOOK
999 _c230270
_d230270